000 00728nam a2200289Ia 4500
005 20260324113658.0
008 008 260324s9999 xx 000 0 eng d
020 _a9781003379751
037 _aEBOOK
040 _aCRL
040 _beng
040 _cCRL
041 _2eng
041 _aeng
084 _qCRL
100 _aCath Hunter
_91147737
245 0 _a100 Strategies to Support Children’s Behaviour and Emotional Wellbeing
245 2 _bA Practical Toolkit for the School Year
260 _bTaylor and Francis
260 _c2023
365 _a
365 _b230
856 _uhttp://www.taylorfrancis.com/books/9781003379751
942 _cEBOOK
999 _c1737517
_d1737517